[Event "North American-ch U20 Girls"]
[Site "Charlotte"]
[Date "2020.12.19"]
[Round "1"]
[White "Mellado Reyes, Rebeca"]
[Black "Vittal, Sanjana"]
[Result "0-1"]
[WhiteElo "1750"]
[BlackElo "1961"]
[PlyCount "92"]
[EventDate "2020.12.19"]
[EventType "swiss"]
[EventRounds "9"]
[EventCountry "USA"]
[SourceTitle "CBM 199 Extra"]
[Source "ChessBase"]
[SourceDate "2021.01.31"]
[SourceVersion "1"]
[SourceVersionDate "2021.01.31"]
[SourceQuality "1"]

1. d4 d5 2. Nf3 Nf6 3. Bf4 c5 4. e3 Nc6 5. Nc3 a6 6. a4 Bg4 7. Be2 e6 8. dxc5 Bxc5 9. 0-0 0-0 10. Ne5 Nxe5 11. Bxe5 Bxe2 12. Qxe2 Bd6 13. Bxd6 Qxd6 14. Rfd1 Qb4 15. Ra3 Rfd8 16. Rb3 Qe7 17. h3 Qc7 18. Qd3 Nd7 19. Qd4 Nc5 20. Rb4 Rac8 21. f3 h6 22. Qh4 Nd7 23. Rd2 Ne5 24. Qf4 Qe7 25. Rb3 Nc4 26. Rd3 Rd7 27. e4 d4 28. Nd1 Na5 29. Qd2 Nxb3 30. cxb3 Qc5 31. Kf1 Qc1 32. Qxc1 Rxc1 33. Ke2 e5 34. Rd2 Rdc7 35. Kd3 Kf8 36. Ke2 R1c2 37. Nf2 Rxd2+ 38. Kxd2 f6 39. Nd3 Ke7 40. a5 Kd6 41. Nb4 Rc5 42. Nd3 Rxa5 43. b4 Ra1 44. Nc1 Kc6 45. g3 Rxc1 46. Kxc1 Kb5 0-1

[Event "Online Olym Div2 E"]
[Site "Chess.com INT"]
[Date "2020.08.16"]
[Round "8.6"]
[White "Mosurovic, Milena"]
[Black "Mellado Reyes, Rebeca"]
[Result "0-1"]
[WhiteElo "1353"]
[BlackElo "1750"]
[PlyCount "100"]
[EventDate "2020.08.14"]
[EventType "team-tourn (rapid)"]
[EventRounds "9"]
[EventCountry "USA"]
[SourceTitle "CBM 198"]
[Source "ChessBase"]
[SourceDate "2020.10.31"]
[SourceVersion "1"]
[SourceVersionDate "2020.10.31"]
[SourceQuality "1"]
[WhiteTeam "Montenegro"]
[BlackTeam "Mexico"]
[WhiteTeamCountry "MNE"]
[BlackTeamCountry "MEX"]

1. e4 e6 2. d3 d5 3. Nd2 c5 4. g3 Nc6 5. Bg2 Nf6 6. Ngf3 g6 7. 0-0 Bg7 8. Re1 0-0 9. c3 Qc7 10. Nb3 b6 11. Bd2 Ba6 12. Nc1 dxe4 13. dxe4 Rad8 14. Qc2 Rd7 15. Nb3 Bd3 16. Qc1 Bxe4 17. Bg5 Bxf3 18. Bxf3 Nd5 19. Bh6 Ne5 20. Be2 c4 21. Bxg7 Kxg7 22. Nd2 Nd3 23. Bxd3 cxd3 24. Rd1 Nf6 25. Nf3 Rfd8 26. Qe3 Ng4 27. Qe4 Nf6 28. Qe3 Qc5 29. Qxc5 bxc5 30. c4 Ne4 31. Nd2 Rd4 32. Nxe4 Rxe4 33. b3 Re2 34. Kg2 Kf6 35. a3 Rb2 36. b4 cxb4 37. axb4 Rxb4 38. Ra3 Rxc4 39. Raxd3 Rxd3 40. Rxd3 Ra4 41. Rd8 a5 42. Ra8 Ra3 43. h3 a4 44. Ra5 Ra2 45. h4 a3 46. Ra4 Ke5 47. Kf3 h5 48. Kg2 Ra1 49. Kh2 Kd5 50. Ra7 Kc4 0-1

[Event "Online Olym Div2 E"]
[Site "Chess.com INT"]
[Date "2020.08.14"]
[Round "2.6"]
[White "Mellado Reyes, Rebeca"]
[Black "Demeter, Dorina"]
[Result "0-1"]
[WhiteElo "1750"]
[BlackElo "2076"]
[PlyCount "110"]
[EventDate "2020.08.14"]
[EventType "team-tourn (rapid)"]
[EventRounds "9"]
[EventCountry "USA"]
[SourceTitle "CBM 198"]
[Source "ChessBase"]
[SourceDate "2020.10.31"]
[SourceVersion "1"]
[SourceVersionDate "2020.10.31"]
[SourceQuality "1"]
[WhiteTeam "Mexico"]
[BlackTeam "Hungary"]
[WhiteTeamCountry "MEX"]
[BlackTeamCountry "HUN"]

1. d4 Nf6 2. Nf3 d5 3. Bf4 c5 4. e3 Nc6 5. c3 Qb6 6. Qc1 Bf5 7. Be2 cxd4 8. exd4 Rc8 9. 0-0 Nb4 10. Na3 Nd3 11. Bxd3 Bxd3 12. Re1 e6 13. Nc2 Bd6 14. Ne5 Bxc2 15. Qxc2 Qxd4 16. cxd4 Rxc2 17. Rac1 Rxc1 18. Rxc1 0-0 19. f3 Nd7 20. Nd3 Bxf4 21. Nxf4 Nb6 22. Nd3 Rc8 23. Rxc8+ Nxc8 24. Kf2 Kf8 25. Nc5 Nd6 26. b3 Ke7 27. Ke3 b6 28. Na4 Nf5+ 29. Kd3 Nh4 30. Ke2 Nxg2 31. Nb2 g5 32. Nd1 f6 33. Nc3 Nf4+ 34. Ke3 Kd7 35. Nb5 a6 36. Nc3 Kd6 37. b4 b5 38. Nb1 e5 39. Nd2 Ne6 40. Nb3 Nxd4 41. Nxd4 exd4+ 42. Kxd4 h6 43. h3 h5 44. a3 h4 45. Kd3 Ke5 46. Ke3 d4+ 47. Kd3 Kd5 48. Kd2 Kc4 49. Kc2 d3+ 50. Kd2 Kd4 51. Kd1 Kc3 52. Kc1 d2+ 53. Kd1 Kd3 54. a4 bxa4 55. b5 a3 0-1

[Event "Pan American-ch U18 Girls"]
[Site "Guayaquil"]
[Date "2019.07.21"]
[Round "1"]
[White "Mellado Reyes, Rebeca"]
[Black "Perez Canete, Dora Romina"]
[Result "1/2-1/2"]
[WhiteElo "1713"]
[BlackElo "1482"]
[PlyCount "106"]
[EventDate "2019.07.21"]
[EventType "swiss"]
[EventRounds "9"]
[EventCountry "ECU"]
[SourceTitle "EXT 2020"]
[Source "ChessBase"]
[SourceDate "2019.10.17"]
[SourceVersion "1"]
[SourceVersionDate "2019.10.17"]
[SourceQuality "1"]

1. d4 d5 2. Nf3 g6 3. Bf4 Bg7 4. e3 Nf6 5. Be2 0-0 6. h3 a6 7. 0-0 Nc6 8. c3 h6 9. a4 g5 10. Bh2 Bf5 11. b4 Nh7 12. Qb3 e6 13. Na3 Qe7 14. Rfd1 Rad8 15. Bd3 Bg6 16. b5 Bxd3 17. Rxd3 e5 18. Rdd1 axb5 19. axb5 e4 20. Nd2 Nb8 21. c4 c6 22. c5 f5 23. Bd6 Rxd6 24. cxd6 Qxd6 25. Rdc1 Kh8 26. bxc6 bxc6 27. Qb6 f4 28. Nf1 Nf6 29. Nb5 Qe6 30. Na7 Nfd7 31. Qb7 f3 32. Ng3 fxg2 33. Kxg2 Qf7 34. Ra2 Qf3+ 35. Kg1 h5 36. Qc7 h4 37. Nf1 Qxh3 38. Qh2 Qg4+ 39. Qg2 Qf3 40. Nxc6 g4 41. Nxb8 Rxb8 42. Nh2 Nf6 43. Rac2 Rg8 44. Kh1 Bh6 45. Rf1 Qf5 46. Re2 Qe6 47. Rg1 g3 48. fxg3 hxg3 49. Nf1 Nh5 50. Rb2 Qg4 51. Rb3 Qh4+ 52. Nh2 Rg7 53. Qe2 Qxh2+ 1/2-1/2